| 000 | 01069nam a22003137a 4500 | ||
|---|---|---|---|
| 001 | 0014180 | ||
| 003 | KOHA_MİRAKIL | ||
| 005 | 20260207001946.0 | ||
| 007 | ta | ||
| 008 | 100225b2004 tu |||gro|||#1|||0|tur | | ||
| 040 |
_aTR-BiSEU _btur _cTR-BiSEU _erda |
||
| 041 | 0 | _atur | |
| 044 | _ctu | ||
| 050 |
_aLC1047 _b.U48 2004 |
||
| 111 | 2 |
_aUlusal Meslek Yüksekokulları Müdürleri Toplantısı (1. : 2004 : Nevşehir) _933189 |
|
| 245 | 1 |
_aI. Ulusal meslek yüksekokulları müdürleri toplantısı : _bsonuç raporu, 26-28 Kasım 2004, Nevşehir . |
|
| 264 | 1 |
_aAnkara : _bDetay yayıncılık _c2004 |
|
| 300 | _aXXVIII, 115 sayfa; 21 cm. | ||
| 336 |
_ametin _btxt _2rdacontent |
||
| 337 |
_aaracısız _bn _2rdamedia |
||
| 338 |
_acilt _bnc _2rdacarrier |
||
| 650 | 0 |
_aEğitim, Yüksek--Türkiye. _933190 |
|
| 650 | 0 |
_aÜniversiteler ve yüksekokullar--Türkiye. _933191 |
|
| 650 | 0 |
_aTeknik eğitim--Türkiye. _91782 |
|
| 650 | 0 |
_aMesleki eğitim--Türkiye. _91783 |
|
| 650 | 0 |
_aEducation, Higher--Turkey. _918682 |
|
| 907 | _aSempozyum | ||
| 942 |
_2lcc _cBK |
||
| 999 |
_c14143 _d14143 |
||